000 00964nam a2200313 a 4500
001 0000428
003 DO-SdBPM
005 20250812100236.0
007 0000428
008 091125s2008 dr a 000 0 spa d
020 _a
040 _aDO-SdBPM
_bspa
_cBPMSU
_erda
082 4 _a736.982
_bS715o 2008
_222
100 1 _a Sosa, José Rafael
_eautor
245 1 0 _a Origami caribeño /
_c José Rafael Sosa; prólogo Yuan Fui Liao
260 _a
_b
_c
264 _aSanto Domingo :
_bEditora Búho,
_c2008
300 _a126 páginas :
_bilustraciones ;
_c22 cm.
_e
336 _atexto
_btxt
_2rdacontent
337 _asin mediación
_bn
_2rdamedia
338 _avolumen
_bnc
_2rdacarrier
590 _aInventariado, 2025/VM
650 7 _aOrigami
_xHistoria
650 7 _aOrigami
_xTécnicas
650 7 _aTrabajos manuales (Educación)
700 1 _a Fuei Liao, Yuan
_e prólogo
910 _a VMateo V. Control de calidad. BPMSU
942 _2ddc
_cBK
999 _c15310
_d15310